000
00305nam a22001337a 4500
082
_a
894.812.3
_b
PAN/T
100
_a
PANDIKASAALA, PURUSHOTHAMAN
245
_a
THAMPAI PURANAMA
260
_a
ERNAKULAM
_b
INDIAN SOCIETY OF AUTHORS
_c
2013
300
_a
183
520
_a
NOVEL
650
_a
NOVEL
942
_c
BK
999
_c
5067
_d
5067